000 00428nam a22001697a 4500
003 MACL
005 20160116160809.0
008 160116b xxu||||| |||| 00| 0 eng d
040 _cMACL
041 _aEnglish
082 _a821/RAY
100 _aRay Sharmila
_932959
245 _aIt's Fantasy It's Reality New And Selected Poems
260 _aKolkata
_bPunascha Publisher
_c2010
650 _aPoetry
_932960
942 _2ddc
_cBK
999 _c52678
_d52678